[Event "13th Fajr Open"]
[Site "Tehran IRI"]
[Date "2005.02.01"]
[Round "9"]
[White "Sadeghi,M"]
[Black "Badjarani,I"]
[Result "1-0"]
[WhiteElo "2197"]
[BlackElo "2333"]

1.e4 Nf6 2.Nc3 d6 3.d4 e5 4.Nf3 Nbd7 5.Bc4 Be7 6.Ng5 O-O 7.Bxf7+ Rxf7 8.Ne6 Qe8
9.Nxc7 Qd8 10.Nxa8 exd4 11.Qxd4 d5 12.Nxd5 Bc5 13.Nxf6+ Rxf6 14.Qd5+ Kh8
15.O-O Qf8 16.Be3 Rg6 17.e5 b6 18.Rad1 Nxe5 19.Bxc5 bxc5 20.Qxe5  1-0

[Event "2nd GM"]
[Site "Kish IRI"]
[Date "2005.02.02"]
[Round "1"]
[White "Darban,M"]
[Black "Asanov,B"]
[Result "1/2-1/2"]
[WhiteElo "2404"]
[BlackElo "2476"]

1.e4 d6 2.d4 Nf6 3.Nc3 e5 4.Nf3 Nbd7 5.Bc4 Be7 6.O-O O-O 7.Re1 c6 8.a4 b6
9.d5 cxd5 10.Nxd5 Bb7 11.b3 Nc5 12.Nxf6+ Bxf6 13.Bd5 Qd7 14.Ba3 Rac8 15.Re2 Rfd8
16.g3 Bxd5 17.Qxd5 Qg4 18.Re3 Nxe4 19.Qxe4 Qxe4 20.Rxe4 d5 21.Rxe5 Bxe5 22.Nxe5 Rxc2
23.Rd1 Rc3 24.Be7 Re8 25.Bd6 f6 26.Ng4 Re4 27.Ne3 d4 28.Nf1 Rxb3 29.a5 Rb2
30.Bb8 bxa5 31.Bxa7 Rb7 32.Bc5 Rb5 33.Nd2 Re8  1/2-1/2

[Event "10th HIT Open A"]
[Site "Nova Gorica SLO"]
[Date "2005.02.02"]
[Round "8"]
[White "Muzychuk,A"]
[Black "Srebrnic,V"]
[Result "1-0"]
[WhiteElo "2387"]
[BlackElo "2240"]

1.e4 d6 2.d4 Nf6 3.Nc3 e5 4.Nf3 Nbd7 5.Bc4 Be7 6.O-O O-O 7.Re1 c6 8.a4 b6
9.b3 Bb7 10.Ba3 a6 11.d5 c5 12.Bc1 h6 13.Be3 Nh7 14.Bf1 Ng5 15.Nd2 Bc8 16.g3 f5
17.exf5 Rxf5 18.Nce4 Rf8 19.Bxg5 Bxg5 20.Nxd6 Bxd2 21.Qxd2 Qf6 22.Nxc8 Rfxc8
23.Bh3 Rd8 24.Be6+ Kh8 25.Qe2 Nf8 26.Qxe5 Qxe5 27.Rxe5 Ng6 28.Re4 Ne7 29.c4 Ra7
30.f4 g6 31.Rae1 Kg7 32.Bh3 Kf8 33.Re6 b5 34.d6  1-0

[Event "31st ch-BAN"]
[Site "Dhaka BAN"]
[Date "2005.02.03"]
[Round "7"]
[White "Hasan,Me"]
[Black "Haque,R1"]
[Result "0-1"]
[WhiteElo "2282"]
[BlackElo "2175"]

1.e4 d6 2.d4 Nf6 3.Nc3 c6 4.f4 Qa5 5.Bd3 e5 6.Nf3 Bg4 7.Be3 Nbd7 8.O-O Be7
9.h3 Bh5 10.Qe1 Bxf3 11.Rxf3 O-O 12.dxe5 dxe5 13.f5 Nc5 14.g4 Nxd3 15.cxd3 Bc5
16.Kh1 Bxe3 17.Qxe3 Qb6 18.Qe2 Rad8 19.Rg1 Rd6 20.Rfg3 Rfd8 21.g5 Ne8 22.Nd1 Qa6
23.Nf2 Qxa2 24.Ng4 Qa5 25.Nf6+ Nxf6 26.gxf6 g6 27.fxg6 fxg6 28.Rxg6+ hxg6
29.Rxg6+ Kf7 30.Qh5 Rxf6 31.b4 Qb5 32.Rh6+ Ke7 33.Rxf6 Kxf6 34.Qh4+ Kf7 35.Qxd8 Qxb4
36.Qd7+ Qe7 37.Qf5+ Kg7 38.Qg4+ Kh6 39.Qc8 a5 40.Qh8+ Kg5 41.Kg2 Kf4 42.h4 Ke3  0-1

[Event "ch-POL u-20"]
[Site "Sroda Wlkp. POL"]
[Date "2005.02.03"]
[Round "4"]
[White "Luch,M"]
[Black "Pakleza,Z"]
[Result "0-1"]
[WhiteElo "2384"]
[BlackElo "2413"]

1.e4 d6 2.d4 Nf6 3.Nc3 e5 4.dxe5 dxe5 5.Qxd8+ Kxd8 6.Bc4 Be6 7.Bxe6 fxe6
8.Nf3 Bd6 9.Bg5 Nc6 10.O-O-O Ke7 11.Nd2 h6 12.Be3 a6 13.f3 Rhf8 14.Ne2 b5
15.h4 Nd7 16.h5 Bc5 17.Nf1 Bxe3+ 18.Nxe3 Rad8 19.c3 Nc5 20.b4 Na4 21.Kc2 a5
22.a3 Nb6 23.Rxd8 Rxd8 24.Rd1 Rxd1 25.Kxd1 a4 26.Kd2 Nc4+ 27.Nxc4 bxc4 28.Ng3 Na7
29.Nf1 Nb5 30.Ne3 Nxa3 31.Kc1 Nb5 32.Kb2 a3+ 33.Ka2 Nxc3+ 34.Kxa3 Nb5+ 35.Kb2 c3+
36.Kb3 Kf6 37.Nd1 Kg5 38.Nxc3 Nd6 39.Na4 Kxh5 40.Nc5 Kh4 41.Nxe6 Kg3 42.Nxg7 Kxg2
43.Nf5 h5 44.Kc3 Kxf3 45.Kd3 Nxe4 46.Nh4+ Kg3 47.Ng6 Nf2+ 48.Ke2 e4 49.Ke3 h4
50.Nf4 Nd3 51.Nh5+ Kg2 52.Nf6 h3 53.Ng4 Kg3 54.Nf6 Nf2 55.Nh5+ Kh4  0-1

[Event "Oceania zt"]
[Site "Auckland NZL"]
[Date "2005.02.04"]
[Round "9"]
[White "Stojic,S"]
[Black "Bennett,H"]
[Result "0-1"]
[WhiteElo "1992"]
[BlackElo "2079"]

1.e4 d6 2.d4 Nf6 3.Nc3 c6 4.Nf3 Bg4 5.Bc4 b5 6.Bxf7+ Kxf7 7.e5 b4 8.exf6 exf6
9.Nb1 Qd7 10.h3 Be6 11.O-O Na6 12.Nbd2 d5 13.Re1 Re8 14.Nf1 Bd6 15.Ng3 h5
16.Be3 Reg8 17.Qe2 h4 18.Nh5 Rxh5 19.Ng5+ Rxg5 20.Bxg5 Nc7 21.Bxh4 Rh8 22.Bg3 Nb5
23.Bxd6 Nxd6 24.Qf3 Ne4 25.a3 Ng5 26.Qg3 Bxh3 27.gxh3 Rxh3 28.Qg2 Nf3+ 29.Kf1 Nxe1
30.Kxe1 b3 31.c3 Rh4 32.Kd2 Qf5 33.Rc1 Qf4+ 34.Kd1 Rh2 35.Qg1 Qf3+ 36.Ke1 Rh1  0-1

[Event "XII TCh-RUS 1st League"]
[Site "Smolensk RUS"]
[Date "2005.02.04"]
[Round "2"]
[White "Vitiugov,N"]
[Black "Ivanov,AA"]
[Result "1/2-1/2"]
[WhiteElo "2478"]
[BlackElo "2382"]

1.e4 d6 2.d4 Nf6 3.Nc3 e5 4.Nf3 Nbd7 5.Bc4 Be7 6.O-O O-O 7.Qe2 c6 8.Rd1 Qc7
9.a4 a5 10.h3 Ne8 11.Be3 g6 12.Ba2 Bf6 13.Qd2 Bg7 14.Ng5 Bf6 15.h4 Ng7 16.f4 h6
17.Nf3 h5 18.fxe5 dxe5 19.d5 Ne8 20.Ng5 Be7 21.Rf1 Ndf6 22.Rad1 Bg4 23.d6 Nxd6
24.Rxf6 Bxf6 25.Qxd6 Qxd6 26.Rxd6 Kg7 27.Rxf6 Kxf6 28.Nh7+ Kg7 29.Nxf8 Kxf8
30.Kf2 Ke8 31.Bc4 Kd7 32.Bb6 Be6 33.Bd3 Kd6 34.Nb1 f6 35.Nd2 g5 36.g3 c5
37.Bb5 gxh4 38.gxh4 Rg8 39.c4 Rg4 40.Nb3 Rxe4 41.Nxc5 Rf4+ 42.Ke3 Bxc4 43.Nxb7+ Kd5
44.Be8 Bb3 45.Nc5 Bd1 46.Nd3 Rxh4 47.Bxa5 Bxa4 48.Bf7+ Kc6 49.Bd8 Bc2 50.Nxe5+ Kd6
51.Nf3 Rh3 52.Kf2 Be4 53.Nd2 f5 54.Bg5 Ke5 55.Nc4+ Kd4 56.Be3+ Kd3 57.Ne5+ Kc2
58.b4 h4 59.Bf4 Rc3 60.b5 Rc5 61.Nc4 Kc3 62.Nd6 Kd3 63.Bb3 Kc3 64.Bd1 Bd5
65.Be2 Kb4 66.Bd2+ Kb3 67.Nxf5 h3 68.Nd4+ Kb2 69.Bf4 Rc8 70.Nf3 Rf8 71.Kg3 Kb3
72.b6  1/2-1/2

[Event "ch-POL u-20"]
[Site "Sroda Wlkp. POL"]
[Date "2005.02.04"]
[Round "6"]
[White "Ejsmont,K"]
[Black "Pakleza,Z"]
[Result "1/2-1/2"]
[WhiteElo "2356"]
[BlackElo "2413"]

1.e4 d6 2.d4 Nf6 3.Nc3 e5 4.Nf3 Nbd7 5.Bc4 Be7 6.O-O O-O 7.Re1 exd4 8.Nxd4 Re8
9.Bf4 Bf8 10.h3 c6 11.a4 a5 12.Bf1 Nc5 13.Qf3 Qb6 14.g4 Qb4 15.Rad1 d5 16.e5 Nfe4
17.Ndb5 Ne6 18.Nxe4 cxb5 19.Nd6 Bxd6 20.exd6 Bd7 21.Bg3 bxa4 22.c3 Qxb2 23.Rb1 Qd2
24.Red1 Ng5 25.Qf4 Qxf4 26.Bxf4 Ne6 27.Rxb7 Nxf4 28.Rxd7 Red8 29.Rxd8+ Rxd8
30.Rd4 g5 31.h4 h6 32.hxg5 hxg5 33.Rxa4 Rxd6 34.Rxa5 f6 35.c4 d4 36.c5 Rc6
37.Bg2 Rc7 38.Ra8+ Kf7 39.c6 Ke6 40.Bf3 Ke5 41.Kf1 d3 42.Ke1 Ne6 43.Ra5+ Kd4  1/2-1/2

[Event "31st ch-BAN"]
[Site "Dhaka BAN"]
[Date "2005.02.07"]
[Round "10"]
[White "Hasan Md,E"]
[Black "Haque,R1"]
[Result "1-0"]
[WhiteElo "2121"]
[BlackElo "2175"]

1.e4 d6 2.d4 Nf6 3.Nc3 c6 4.f4 Qa5 5.Bd3 e5 6.Nf3 Bg4 7.Be3 Nbd7 8.O-O Be7
9.h3 Bh5 10.Qe1 Bxf3 11.Rxf3 O-O 12.a3 Rae8 13.b4 Qc7 14.fxe5 dxe5 15.Ne2 Bd6
16.Qh4 exd4 17.Bxd4 Ne5 18.Bxe5 Bxe5 19.Raf1 b5 20.Ng3 g6 21.Kh1 Re6 22.Ne2 Nd7
23.a4 a6 24.c4 Bg7 25.Nf4 Ree8 26.cxb5 axb5 27.Bc2 bxa4 28.Nd3 Qa7 29.Bb1 Ne5
30.Nxe5 Rxe5 31.Ba2 Re7 32.Qg5 Kh8 33.Qd2 f6 34.Qc3 Rxe4 35.Qxc6 Qe7 36.b5 Re1
37.b6 Rxf1+ 38.Rxf1 Qe8 39.Qc7 f5 40.b7 Be5 41.Qc5 Bb8 42.Rc1  1-0

[Event "Summer Open"]
[Site "Posadas ARG"]
[Date "2005.02.07"]
[Round "6"]
[White "Caro,E"]
[Black "Alvarez,Mig ARG"]
[Result "1-0"]
[WhiteElo "2198"]
[BlackElo "2132"]

1.e4 d6 2.d4 Nf6 3.Nc3 c6 4.Bg5 Nbd7 5.f4 Qa5 6.Qd2 b5 7.Bd3 Bb7 8.a3 a6
9.Nf3 c5 10.dxc5 dxc5 11.Rd1 Rd8 12.O-O Qb6 13.f5 Ng4 14.Kh1 c4 15.Be2 f6
16.Bf4 g6 17.Nd4 Nde5 18.h3 Nc6 19.Bxg4 Rxd4 20.Qe2 Qd8 21.Nd5 e5 22.fxe6 Be7
23.Nc7+ Kf8 24.Bh6+ Kg8 25.Nd5 Rxd1 26.Qxd1 Ne5 27.Nxf6+ Bxf6 28.Qxd8+  1-0

[Event "XII TCh-RUS 1st League"]
[Site "Smolensk RUS"]
[Date "2005.02.07"]
[Round "6"]
[White "Matlakov,M"]
[Black "Prudnikova,E"]
[Result "1-0"]
[WhiteElo "2361"]
[BlackElo "2130"]

1.e4 d6 2.d4 Nf6 3.Nc3 Nbd7 4.Nf3 e5 5.Bc4 Be7 6.O-O O-O 7.h3 c6 8.a4 b6
9.Qe2 Bb7 10.Rd1 Qc7 11.dxe5 dxe5 12.Nh4 Rfe8 13.Nf5 Bf8 14.Qf3 Nc5 15.Bg5 Ne6
16.Bxf6 gxf6 17.Rd3 Kh8 18.Bxe6 fxe6 19.Nd6 Bxd6 20.Qxf6+ Qg7 21.Qxg7+ Kxg7
22.Rxd6 Re7 23.a5 Rae8 24.axb6 axb6 25.Ra7 b5 26.Ne2 c5 27.f3 Ra8 28.Rxa8 Bxa8
29.Nc3 b4 30.Na4 Rf7 31.Nxc5 Rc7 32.Rd7+ Rxd7 33.Nxd7  1-0

[Event "XII TCh-RUS 1st League"]
[Site "Smolensk RUS"]
[Date "2005.02.07"]
[Round "6"]
[White "Newerovski,G"]
[Black "Ivanov,AA"]
[Result "0-1"]
[WhiteElo "2321"]
[BlackElo "2382"]

1.e4 d6 2.d4 Nf6 3.Nc3 c6 4.f4 Qa5 5.e5 Ne4 6.Qf3 f5 7.exf6 Nxf6 8.Bd3 Na6
9.a3 g6 10.Ne2 Bg7 11.O-O O-O 12.Bd2 Qh5 13.Qxh5 Nxh5 14.Ne4 Nc7 15.c3 Bf5
16.Rae1 Rae8 17.h3 Nf6 18.N2g3 Nxe4 19.Bxe4 Bxe4 20.Nxe4 h6 21.g4 Nd5 22.Re2 b5
23.Ref2 a5 24.f5 gxf5 25.Rxf5 Rxf5 26.Rxf5 b4 27.axb4 axb4 28.Kg2 Ra8 29.Kg3 Ra2
30.Bc1 Ra1 31.Rf1 Ne3 32.Re1 Nc4 33.Kf2 Rb1 34.Ke2 b3 35.Nd2 Nxd2 36.Kxd2 Bf6
37.Kd3 Bh4 38.Rf1 Bg5 39.Bxg5 Rxf1 40.Bxe7 d5  0-1

[Event "Bundesliga 2004-5"]
[Site "Eppingen GER"]
[Date "2005.02.12"]
[Round "10"]
[White "Heinatz,T"]
[Black "Miltner,A"]
[Result "0-1"]
[WhiteElo "2281"]
[BlackElo "2402"]

1.e4 d6 2.d4 Nf6 3.Nc3 e5 4.Nf3 Nbd7 5.Bc4 Be7 6.O-O O-O 7.a4 a5 8.Re1 c6
9.Ba2 exd4 10.Nxd4 Nc5 11.Nf5 Bxf5 12.exf5 d5 13.Bg5 Re8 14.Qd4 Qb6 15.Rad1 Qb4
16.g4 Qxd4 17.Rxd4 Bd6 18.Rxe8+ Rxe8 19.Bf4 Re1+ 20.Kg2 Bxf4 21.Rxf4 h6 22.h4 Kf8
23.b4 axb4 24.Rxb4 Ke7 25.g5 hxg5 26.hxg5 Nfe4 27.Nxe4 Rxe4 28.Rxe4+ Nxe4
29.c4 d4 30.Kf3 Nc3 31.Bb3 Kd6 32.c5+ Ke5 33.Kg4  0-1

[Event "Jersey Open"]
[Site "Jersey JCI"]
[Date "2005.02.13"]
[Round "1"]
[White "Buchkremer,F"]
[Black "Heppell,I"]
[Result "0-1"]
[WhiteElo "2030"]
[BlackElo "2167"]

1.e4 d6 2.d4 Nf6 3.Nc3 Nbd7 4.Nf3 e5 5.Bc4 Be7 6.O-O O-O 7.Re1 c6 8.a4 Qc7
9.h3 b6 10.Bg5 a6 11.d5 c5 12.Qd3 Re8 13.Rad1 h6 14.Bc1 Bf8 15.Nh4 g6 16.g4 Bg7
17.Qg3 Kh7 18.Kh2 Rb8 19.Rg1 Qd8 20.Be2 Nf8 21.g5 Ng8 22.Nf5 gxf5 23.gxh6 Ng6
24.hxg7 f4 25.Qf3 Kxg7 26.Qh5 Nf6 27.Qg5 Rh8 28.h4 Ng4+ 29.Rxg4 Bxg4 30.Qxd8 Rbxd8
31.Bxg4 Rxh4+ 32.Kg2 Rxg4+ 33.Kf3 Rh4 34.Rg1 Rdh8 35.Ke2 Rh1 36.Rxh1 Rxh1
37.Bd2 Kf6 38.Nd1 f3+  0-1

[Event "Nordea Cup"]
[Site "Dianalund DEN"]
[Date "2005.02.15"]
[Round "4"]
[White "Naes,F"]
[Black "Rausis,I"]
[Result "1/2-1/2"]
[WhiteElo "2302"]
[BlackElo "2500"]

1.e4 d6 2.d4 Nf6 3.Nc3 c6 4.Bg5 Nbd7 5.f4 h6 6.Bh4 Qb6 7.Qd2 Qxb2 8.Rb1 Qa3
9.e5 Nd5 10.Nxd5 cxd5 11.e6 fxe6 12.Bd3 g5 13.fxg5 hxg5  1/2-1/2

[Event "21st Open"]
[Site "Cappelle la Grande FRA"]
[Date "2005.02.16"]
[Round "6"]
[White "Vuckovic,Bo"]
[Black "Kuzmicz,K"]
[Result "1/2-1/2"]
[WhiteElo "2525"]
[BlackElo "2375"]

1.e4 d6 2.d4 Nf6 3.Nc3 e5 4.dxe5 dxe5 5.Qxd8+ Kxd8 6.Bc4 Bb4 7.Nf3 Nxe4 8.Nxe5 Rf8
9.O-O Nxc3 10.bxc3 Bxc3 11.Ba3 Bxe5 12.Bxf8 Bxa1 13.Rxa1 Be6 14.Bxe6 fxe6
15.Rd1+ Nd7 16.Bxg7 Ke7 17.h4 Rg8 18.Bb2 Rf8 19.g3 Rf5 20.Kg2 Ra5 21.a3 Rc5
22.Rd2 Nb6 23.Bd4 Rd5 24.Rd3 Nc4 25.Kf3  1/2-1/2

[Event "21st Open"]
[Site "Cappelle la Grande FRA"]
[Date "2005.02.16"]
[Round "6"]
[White "Strugnell,C"]
[Black "Seret,JL"]
[Result "0-1"]
[WhiteElo "2137"]
[BlackElo "2359"]

1.e4 d6 2.d4 Nf6 3.Nc3 e5 4.Nf3 Nbd7 5.Bc4 Be7 6.O-O O-O 7.Re1 c6 8.a4 b6
9.d5 cxd5 10.Bxd5 Nxd5 11.Nxd5 Nf6 12.Nxf6+ Bxf6 13.Qd3 Be6 14.c4 Be7 15.b3 Kh8
16.Ba3 Qc7 17.Nd2 a6 18.Red1 Qb7 19.Nf1 f5 20.exf5 Rxf5 21.Ne3 Rf4 22.Bb2 Raf8
23.Rd2 b5 24.axb5 axb5 25.Nd5 bxc4 26.bxc4 Rxf2 27.Rxf2 Rxf2 28.Nxe7  0-1

[Event "21st Open"]
[Site "Cappelle la Grande FRA"]
[Date "2005.02.16"]
[Round "6"]
[White "Perunovic,Mil"]
[Black "Cieza,A"]
[Result "1-0"]
[WhiteElo "2564"]
[BlackElo "2242"]

1.e4 d6 2.d4 Nf6 3.Nc3 c6 4.f4 Qa5 5.Bd3 e5 6.Nf3 Bg4 7.Be3 Qb6 8.Ne2 Bxf3
9.gxf3 Nbd7 10.Qd2 c5 11.dxe5 dxe5 12.O-O-O Qb4 13.Nc3 a6 14.fxe5 Nxe5 15.f4 Nf3
16.Qg2 Nd4 17.e5 Nd7 18.a3 Qa5 19.Qxb7 Rb8 20.Qxa6 Qxa6 21.Bxa6 Rb6 22.Bc8 Rc6
23.Bxd7+ Kxd7 24.Bxd4 cxd4 25.Rxd4+ Ke6 26.Nd5 Bc5 27.Rd3 Rhc8 28.Rhd1 Bf8
29.c3 g6 30.b4 h5 31.Kb2 Kf5 32.Kb3 Re6 33.Rf1 Bh6 34.a4 Rb8 35.a5 Bf8 36.c4 Ra6
37.Ka4 Rc6 38.c5 Rb7 39.Nb6 h4 40.Kb5 Rcc7 41.c6 Rb8 42.Rd7 Rxd7 43.cxd7 Be7
44.Rc1 Kxf4 45.Rc8 Rb7 46.a6 Ra7 47.d8=Q Bxd8 48.Rxd8 g5 49.Rd7 Rxd7 50.Nxd7 g4
51.a7  1-0

[Event "21st Open"]
[Site "Cappelle la Grande FRA"]
[Date "2005.02.17"]
[Round "7"]
[White "Gharamian,T"]
[Black "Paleologu,V"]
[Result "1/2-1/2"]
[WhiteElo "2420"]
[BlackElo "2158"]

1.e4 d6 2.d4 Nf6 3.Nc3 c6 4.f4 Qa5 5.Bd3 d5 6.e5 Ne4 7.Qf3 Na6 8.Ne2 Nb4
9.f5 Nxc3 10.bxc3 Nxd3+ 11.Qxd3 e6 12.fxe6 Bxe6 13.O-O g6 14.Bg5 Bg7 15.Qd2 h5
16.h3 Qc7 17.Rf2 Rc8 18.Raf1 Qa5 19.Nc1 b6 20.Nb3 Qa3 21.Qd3 O-O 22.Qg3 Rc7
23.Qh4 Kh7 24.Bd8 Rd7 25.Bg5 Bh6 26.Bxh6 Kxh6 27.g4 Qe7 28.Rf6 Kg7 29.Qg3 hxg4
30.hxg4 Rh8 31.Nd2 Qa3 32.Qf3 Kg8 33.Rf2 Rh4 34.Rf4  1/2-1/2

[Event "Jersey Open"]
[Site "Jersey JCI"]
[Date "2005.02.17"]
[Round "5"]
[White "Howell,D"]
[Black "Trevelyan,J"]
[Result "1-0"]
[WhiteElo "2348"]
[BlackElo "2178"]

1.e4 d6 2.d4 Nf6 3.Nc3 e5 4.Nge2 Be7 5.g3 O-O 6.Bg2 c6 7.a4 a5 8.h3 Nbd7
9.Be3 Re8 10.O-O Bf8 11.g4 h6 12.Ng3 g6 13.Qd2 Kh7 14.f4 Bg7 15.g5 exd4 16.Bxd4 Ng8
17.Bxg7 Kxg7 18.gxh6+ Nxh6 19.Qxd6 Qh4 20.Nce2 Nf6 21.f5 Nd7 22.e5 Nxf5 23.Rxf5  1-0

[Event "Aeroflot Open B"]
[Site "Moscow RUS"]
[Date "2005.02.17"]
[Round "3"]
[White "Smeets,J"]
[Black "Prokopchuk,E"]
[Result "1/2-1/2"]
[WhiteElo "2475"]
[BlackElo "2520"]

1.e4 d6 2.d4 Nf6 3.Nc3 e5 4.Nf3 Nbd7 5.Bc4 Be7 6.O-O O-O 7.Re1 c6 8.a4 a5
9.h3 Re8 10.b3 Bf8 11.Ng5 Re7 12.Ba3 h6 13.Nf3 Re8 14.Qd2 Qb6 15.Rad1 exd4
16.Qxd4 Qxd4 17.Nxd4 Nb6 18.Bf1 d5 19.Bxf8 Kxf8 20.e5 Nh5 21.g3 Nd7 22.e6 Nc5
23.exf7 Rxe1 24.Rxe1 Kxf7 25.Nf3 Nf6 26.Ne5+ Kf8 27.g4 g5 28.Kh2 Be6 29.Nd3 Nfd7
30.f4 gxf4 31.Nxf4 Bf7 32.h4 Nf6 33.g5 hxg5 34.hxg5 Nh5 35.Nd3 Ne6 36.g6 Bg8
37.Ne2 Kg7 38.Bh3 Ng5 39.Nd4 Nxh3 40.Kxh3 Kxg6 41.Re7 b5 42.axb5  1/2-1/2

[Event "71st ch-BRA"]
[Site "Sao Paulo BRA"]
[Date "2005.02.17"]
[Round "6"]
[White "Capatti,E"]
[Black "Asfora,M"]
[Result "0-1"]
[WhiteElo "2164"]
[BlackElo "2308"]

1.d4 d6 2.e4 Nf6 3.Nc3 Nbd7 4.Nf3 e5 5.Bc4 h6 6.h3 Be7 7.Be3 c6 8.Qd2 Qc7
9.a4 b6 10.Rd1 a6 11.Ra1 Bb7 12.g4 b5 13.axb5 cxb5 14.Bd5 b4 15.Nb5 axb5
16.Rxa8+ Bxa8 17.Bxa8 O-O 18.Bd5 Nxd5 19.exd5 e4 20.Nh2 Nb6 21.O-O Nxd5 22.Rc1 Nxe3
23.fxe3 d5 24.Qg2 Rc8 25.Nf1 Bg5 26.Qf2 b3 27.c3 b4 28.Nd2 Qb7 29.Nxb3 bxc3
30.Nc5 Qxb2 31.Rf1 Qxf2+ 32.Kxf2 Rb8  0-1

[Event "VIII Malaga Open"]
[Site "Campillos ESP"]
[Date "2005.02.19"]
[Round "1"]
[White "Korneev,O"]
[Black "Milla de Marco,C"]
[Result "0-1"]
[WhiteElo "2602"]
[BlackElo "2092"]

1.e4 d6 2.d4 Nf6 3.Nc3 e5 4.Nf3 exd4 5.Nxd4 Be7 6.Bf4 O-O 7.Qd2 d5 8.Ndb5 c6
9.Nc7 d4 10.Nxa8 dxc3 11.Qxd8 Rxd8 12.bxc3 Nxe4 13.Bxb8 Bf6 14.Bd3 Bxc3+
15.Ke2 Bf5 16.Bc7 Re8 17.Rac1 Nd2+ 18.Kd1 Bg4+ 19.f3 Nxf3 20.Be2 Ng1 21.Rb1 Rxe2  0-1

[Event "VIII Malaga Open"]
[Site "Campillos ESP"]
[Date "2005.02.19"]
[Round "1"]
[White "Guadamuro Torrente,A"]
[Black "Galego,L"]
[Result "0-1"]
[WhiteElo "2040"]
[BlackElo "2496"]

1.e4 d6 2.d4 Nf6 3.Nc3 c6 4.Nf3 Bg4 5.Be2 Nbd7 6.Be3 e5 7.O-O Be7 8.Re1 O-O
9.Qd2 Re8 10.Rad1 Bf8 11.dxe5 dxe5 12.Bg5 Qb6 13.h3 Bh5 14.Nh4 Bxe2 15.Qxe2 Qxb2
16.Rd3 Qb6 17.Nf5 Re6 18.Rg3 g6 19.Qd2 Kh8 20.Nh6 Bxh6 21.Bxh6 Qc7 22.Rd1 Rae8
23.Re3 Nb6 24.Ree1 Ng8 25.Bg5 f6 26.Bh4 Nc4 27.Qe2 b5 28.f3 Qa5 29.Rd3 Nb2
30.Re3 Rd6 31.Rb1 Na4 32.Rd3 Rxd3 33.Qxd3 Rd8  0-1

[Event "Extraliga CZE 2004-5"]
[Site "Czech Rep CZE"]
[Date "2005.02.19"]
[Round "6"]
[White "Kulhanek,T"]
[Black "Mudrak,J"]
[Result "1-0"]
[WhiteElo "2370"]
[BlackElo "2318"]

1.e4 d6 2.d4 Nf6 3.Nc3 Nbd7 4.g3 e5 5.Nge2 c6 6.Bg2 Be7 7.O-O O-O 8.a4 b6
9.h3 Qc7 10.g4 Rd8 11.Be3 Nf8 12.f4 Ne6 13.d5 Nxf4 14.Nxf4 exf4 15.Bxf4 Bb7
16.Kh1 c5 17.Qe1 Nd7 18.Nb5 Qb8 19.Qg3 Ne5 20.Bxe5 dxe5 21.g5 Bc8 22.Rad1 Bd6
23.Rf3 a6 24.Na3 Ra7 25.Nc4 Re7 26.Ne3 Qc7 27.c4 Bd7 28.b3 Kh8 29.h4 b5 30.axb5 axb5
31.Bh3 b4 32.h5 Qb6 33.Rdf1 Be8 34.Nf5 Ra7 35.h6 g6 36.Nxd6 Qxd6 37.Rf6 Qb8
38.d6 Kg8 39.Qxe5 Qb7 40.Rxg6+  1-0

[Event "Jersey Open"]
[Site "Jersey JCI"]
[Date "2005.02.19"]
[Round "7"]
[White "Fowler,S"]
[Black "Kobese,W"]
[Result "1/2-1/2"]
[WhiteElo "2116"]
[BlackElo "2419"]

1.d4 d6 2.e4 Nf6 3.Nc3 e5 4.Nf3 Nbd7 5.Bc4 Be7 6.O-O O-O 7.Qe2 c6 8.a4 b6
9.Rd1 Qc7 10.d5 c5 11.Nh4 g6 12.Bh6 Re8 13.Rd3 Kh8 14.Nf3 Ng8 15.Bd2 a6 16.Ng5 Kg7
17.Rf1 Qd8 18.Rg3 Bf6 19.Qe3 Ra7 20.Bc1 h6 21.Nh3 Bh4 22.Rf3 Ndf6 23.Qe1 Nh7
24.Kh1 f5 25.Ng1 Bf6 26.exf5 gxf5 27.Rg3+ Kh8 28.Rg6 Bg7 29.f4 Nf8 30.Rxg7 Rxg7
31.b3 Ng6 32.Nce2 Nf6 33.Bb2 Bd7 34.fxe5 dxe5 35.Qd2 b5 36.axb5 axb5 37.Qxh6+ Kg8
38.Bd3 Ng4 39.Qh5 Nh4 40.Nh3 Rh7 41.Qg5+ Qxg5 42.Nxg5 Rh5 43.Ne6 Ne3 44.Ng3 Rh7
45.Re1 Nxd5 46.Nxc5 Bc6 47.Nxf5 Nf4 48.Nxh4 Rxh4 49.Be4 Bxe4 50.Nxe4 Rh6
51.g3 Nh5 52.Re2 Rc6 53.b4 Nf6 54.Nxf6+ Rxf6 55.Rxe5 Rxe5 56.Bxe5 Rf2 57.c3 Kf7
58.Kg1 Rc2 59.h4 Ke6 60.Bd4 Kf5 61.h5 Kg5 62.g4 Re2 63.h6 Kxh6 64.Bf6 Kg6
65.g5 Kf5 66.Kf1 Rc2 67.Ke1 Rg2 68.Kf1 Rc2 69.Ke1 Kf4 70.g6 Rg2 71.g7 Ke3  1/2-1/2

[Event "Extraliga CZE 2004-5"]
[Site "Czech Rep CZE"]
[Date "2005.02.20"]
[Round "7"]
[White "Bindrich,F"]
[Black "Pakleza,Z"]
[Result "1/2-1/2"]
[WhiteElo "2326"]
[BlackElo "2413"]

1.e4 d6 2.d4 Nf6 3.Nc3 e5 4.Nf3 exd4 5.Nxd4 Be7 6.Bf4 O-O 7.Qd2 c6 8.O-O-O b5
9.f3 b4 10.Nb1 Qb6 11.g4 Rd8 12.g5 Nh5 13.Be3 c5 14.Nf5 Bxf5 15.exf5 d5 16.f6 gxf6
17.gxf6 Bxf6 18.Qg2+ Kh8 19.Qh3 Qe6 20.Qxe6 fxe6 21.Bxc5 a5 22.Re1 Nd7 23.Bd6 Ng7
24.Nd2 Rac8 25.Bb5 Nb6 26.Be5 Bxe5 27.Rxe5 Rf8 28.Rg1 Rf6 29.Bd3 Rcf8  1/2-1/2

[Event "Aeroflot Open B"]
[Site "Moscow RUS"]
[Date "2005.02.22"]
[Round "8"]
[White "Lahno,Kateri"]
[Black "Jakubiec,A"]
[Result "1-0"]
[WhiteElo "2454"]
[BlackElo "2549"]

1.e4 d6 2.d4 Nf6 3.Nc3 c6 4.f4 Qb6 5.Nf3 Bg4 6.Be2 Bxf3 7.Bxf3 e5 8.Ne2 d5
9.fxe5 dxe4 10.exf6 exf3 11.O-O fxg2 12.Re1 Nd7 13.Ng3+ Kd8 14.fxg7 Bxg7
15.c3 Qb5 16.Qg4 Rg8 17.Bh6 Qxb2 18.Bxg7 Qxc3 19.Qh4+ Kc7 20.Qf4+ Kb6 21.Rab1+ Ka6
22.Re3  1-0

[Event "12th Metalis Open"]
[Site "Bizovac CRO"]
[Date "2005.02.24"]
[Round "2"]
[White "Dusper,H"]
[Black "Jovanovic,Zo2"]
[Result "0-1"]
[WhiteElo "2212"]
[BlackElo "2471"]

1.e4 d6 2.d4 Nf6 3.Nc3 e5 4.dxe5 dxe5 5.Qxd8+ Kxd8 6.Nf3 Bd6 7.Bc4 Ke7 8.O-O Nbd7
9.Ng5 Rf8 10.f4 exf4 11.Bxf4 Bxf4 12.Rxf4 Ne5 13.Bb3 c6 14.Rff1 Be6 15.Ne2 Rad8
16.Ng3 h6 17.Nf3 Nfd7 18.Nh5 g6 19.Nf4 Nxf3+ 20.gxf3 Ne5 21.Nxe6 fxe6 22.f4 Nd7
23.Rae1 Nc5 24.Re3 Rd4 25.Rg3 g5 26.fxg5 Rxf1+ 27.Kxf1 Nxe4 28.Rh3 hxg5 29.Rh7+ Kd6
30.Rxb7 Rd2  0-1

[Event "12th Metalis Open"]
[Site "Bizovac CRO"]
[Date "2005.02.25"]
[Round "3"]
[White "Rogic,D"]
[Black "Jurkovic,A"]
[Result "1-0"]
[WhiteElo "2476"]
[BlackElo "2331"]

1.e4 d6 2.d4 Nf6 3.Nc3 Nbd7 4.g4 h6 5.h3 e5 6.Bg2 exd4 7.Qxd4 g6 8.Be3 Bg7
9.Qd2 Nb6 10.b3 h5 11.g5 Nh7 12.Nge2 O-O 13.Rd1 Bd7 14.a4 Bc6 15.a5 Nd7 16.Nd5 Re8
17.f4 Nc5 18.Bxc5 dxc5 19.e5 Nxg5 20.fxg5 Rxe5 21.h4 Bxd5 22.Bxd5 Qe7 23.Rf1 Rf8
24.Rf2 Re3 25.Kf1 c6 26.Rf3 Re5 27.Bc4 Re4 28.Qd7 Rxe2 29.Bxe2 Qe4 30.Qc7 Qxh4
31.Qf4 Qh1+ 32.Kf2 Bd4+ 33.Rxd4 cxd4 34.Bc4 Kh8 35.Bxf7 Rxf7 36.Qxf7 Qh4+
37.Ke2  1-0

[Event "VIII Malaga Open"]
[Site "Campillos ESP"]
[Date "2005.02.25"]
[Round "8"]
[White "Tissir,M"]
[Black "Milla de Marco,C"]
[Result "1-0"]
[WhiteElo "2426"]
[BlackElo "2092"]

1.e4 d6 2.d4 Nf6 3.Nc3 e5 4.Nf3 exd4 5.Nxd4 Be7 6.Bd3 O-O 7.O-O c5 8.Nde2 Nc6
9.Nf4 Be6 10.Re1 a6 11.a4 Nb4 12.Bf1 Bd7 13.h3 Re8 14.g4 Bc8 15.Bg2 Bf8 16.g5 Nd7
17.Nfd5 Nxd5 18.Nxd5 Nb6 19.Nc3 Nc4 20.f4 g6 21.b3 Bg7 22.e5 Na5 23.Nd5 dxe5
24.fxe5 Nc6 25.Bf4 Nd4 26.c3 Ne6 27.Qf3 Nxf4 28.Qxf4 Be6 29.Nf6+ Bxf6 30.gxf6 Kh8
31.Bxb7 Qd3 32.Re3 Qc2 33.Qh6 Rg8 34.Bxa8 Bxb3 35.e6 Qd2 36.e7 Bxa4 37.Rxa4 Qc1+
38.Kh2 Qd2+ 39.Bg2 Qd6+ 40.Qf4 Qd7 41.Rae4  1-0

[Event "31st ch-BAN"]
[Site "Dhaka BAN"]
[Date "2005.02.25"]
[Round "1"]
[White "Murshed,N"]
[Black "Haque,R1"]
[Result "1-0"]
[WhiteElo "2479"]
[BlackElo "2175"]

1.e4 d6 2.d4 Nf6 3.Nc3 c6 4.f4 Qa5 5.Bd3 e5 6.Nf3 Bg4 7.Be3 Nbd7 8.O-O Be7
9.h3 Bxf3 10.Qxf3 O-O 11.Ne2 Rae8 12.c3 Bd8 13.b4 Qc7 14.Ng3 exd4 15.cxd4 Nb6
16.a4 Nc8 17.a5 a6 18.Rac1 Qe7 19.Nf5 Qe6 20.e5 Nd5 21.Nxg7 Qh6 22.Nf5  1-0

[Event "12th Metalis Open"]
[Site "Bizovac CRO"]
[Date "2005.02.26"]
[Round "6"]
[White "Hlavac,I"]
[Black "Biti,O"]
[Result "0-1"]
[WhiteElo "1877"]
[BlackElo "2348"]

1.e4 d6 2.d4 Nf6 3.Nc3 e5 4.dxe5 dxe5 5.Qxd8+ Kxd8 6.Bg5 Be6 7.Bxf6+ gxf6
8.O-O-O+ Nd7 9.Kb1 c6 10.g3 Bb4 11.Bh3 Bxc3 12.Bxe6 fxe6 13.bxc3 Ke7 14.Ne2 Rhd8
15.g4 Nc5 16.f3 Rxd1+ 17.Rxd1 Rg8 18.h4 Na4 19.Kc1 b5 20.Rg1 Nb6 21.g5 fxg5
22.hxg5 Nc4 23.f4 exf4 24.Nxf4 a5 25.Nd3 Kd6 26.Nf2 Ne5 27.Rd1+ Ke7 28.Rh1 Rg7
29.Nd3 Nf3 30.Rh6 Nxg5 31.Nf4 Rf7 32.Nh5 Nxe4  0-1

[Event "IBAR Inv"]
[Site "Santa Monica USA"]
[Date "2005.02.26"]
[Round "6"]
[White "Mitkov,N"]
[Black "Akobian,V"]
[Result "1/2-1/2"]
[WhiteElo "2547"]
[BlackElo "2571"]

1.e4 d6 2.d4 Nf6 3.Nc3 e5 4.dxe5 dxe5 5.Qxd8+ Kxd8 6.Bc4 Be6 7.Bxe6 fxe6
8.f3 Nbd7 9.Be3 Bc5 10.Bxc5 Nxc5 11.Nh3 Ke7  1/2-1/2

[Event "31st ch-BAN"]
[Site "Dhaka BAN"]
[Date "2005.02.27"]
[Round "3"]
[White "Reefat,S"]
[Black "Haque,R1"]
[Result "1-0"]
[WhiteElo "2462"]
[BlackElo "2175"]

1.e4 d6 2.d4 Nf6 3.Nc3 c6 4.Nf3 Bg4 5.h3 Bh5 6.Be3 e6 7.Bd3 d5 8.e5 Nfd7
9.g4 Bg6 10.Ne2 c5 11.c3 Nc6 12.O-O Be7 13.Kg2 c4 14.Bc2 b5 15.Nd2 Bxc2 16.Qxc2 O-O
17.Ng3 f6 18.exf6 gxf6 19.Rae1 Re8 20.Nh5 Nf8 21.f4 Bd6 22.Nf3 Qe7 23.f5 e5
24.g5 Nd7 25.gxf6 Qf8 26.Bg5 e4 27.Nh4 Qf7 28.Qe2 Kh8 29.Kh1 Bf8 30.Rg1 e3
31.Bf4 Nxf6 32.Nxf6 Qxf6 33.Qh5 Bg7 34.Bg5 Qd6 35.f6 Bxf6 36.Bxf6+ Qxf6 37.Ng6+  1-0